The broker [CD/sound recording] : a novel / by ... Read More
Available copies
- 3 of 3 copies available at LARL/NWRL Consortium.
Current holds
0 current holds with 3 total copies.
View other formats and editions
Show Only Available Copies
| Location | Call Number / Copy Notes | Barcode | Shelving Location | Status | Due Date |
|---|---|---|---|---|---|
| Hallock Public Library | BOOK-ON-CD GRI (Text) | 35500004653273 | Main | Available | - |
| Karlstad LINK Site | BOOK-ON-CD GRI (Text) | 35500004292296 | Main | Available | - |
| Red Lake Falls Public Library | BOOK-ON-CD GRI (Text) | 35500005023112 | Main | Available | - |
Record details
- ISBN: 0739334026
- ISBN: 9780739334027
- Physical Description: 5 sound discs (6 hr.) : digital ; 4 3/4 in.
- Publisher: New York : Random House Audio p2005.
Content descriptions
| General Note: | In container (17 cm.). Title from container. "Abridged"--Container. Compact disc. |
| Participant or Performer Note: | Read by Dennis Boutsikaris. |
| Summary, etc.: | In his final hours in the Oval Office, the ... Read More |
| Additional Physical Form available Note: | Issued also on cassette. |
Search for related items by subject
| Subject: | Americans > Italy > Fiction. Attempted murder > Fiction. Ex-convicts > Fiction. Pardon > Fiction. Italy > Fiction. |
| Genre: | Compact discs. Suspense fiction. Legal stories. Audiobooks. |
| LDR | 02332cim a2200481Ka 4500 | ||
|---|---|---|---|
| 001 | 83927 | ||
| 003 | LARL_NWRL_CONSORTIUM | ||
| 005 | 20070907162135.0 | ||
| 008 | 061028s2005 nyunnn f eng d | ||
| 020 | . | ‡a0739334026 ‡c$14.99 | |
| 020 | . | ‡a9780739334027 | |
| 028 | 3 | 0. | ‡aPLCD272 |
| 035 | . | ‡a(OCoLC)74557248 | |
| 040 | . | ‡aDOV ‡cDOV ‡dBAKER ‡dGMJ ‡dNRG | |
| 043 | . | ‡ae-it--- | |
| 090 | . | ‡aPS3557.R5355 ‡bB76 2005c | |
| 092 | . | ‡aGRIS | |
| 100 | 1 | . | ‡aGrisham, John. ‡0(LARL_NWRL_CONSORTIUM)97617 |
| 245 | 1 | 4. | ‡aThe broker ‡h[CD/sound recording] : ‡ba novel / ‡cby John Grisham. |
| 260 | . | ‡aNew York : ‡bRandom House Audio ‡cp2005. | |
| 300 | . | ‡a5 sound discs (6 hr.) : ‡bdigital ; ‡c4 3/4 in. | |
| 500 | . | ‡aIn container (17 cm.). | |
| 500 | . | ‡aTitle from container. | |
| 500 | . | ‡a"Abridged"--Container. | |
| 500 | . | ‡aCompact disc. | |
| 511 | 0 | . | ‡aRead by Dennis Boutsikaris. |
| 520 | . | ‡aIn his final hours in the Oval Office, the outgoing President grants a controversial last-minute pardon to Joel Backman, a notorious Washington power broker who has spent the last six years hidden away in a federal prison. What no one knows is that the President issues the pardon only after receiving enormous pressure from the CIA. It seems Backman, in his power broker heyday, may have obtained secrets that compromise the world's most sophisticated satellite surveillance system. The CIA smuggles him out of the country to Italy, telling the Israelis, Russians, Chinese, and the Saudis where he is, waiting for one of them to kill him. | |
| 530 | . | ‡aIssued also on cassette. | |
| 650 | 0. | ‡aAmericans ‡zItaly ‡vFiction. ‡0(LARL_NWRL_CONSORTIUM)163327 | |
| 650 | 0. | ‡aAttempted murder ‡vFiction. ‡0(LARL_NWRL_CONSORTIUM)170800 | |
| 650 | 0. | ‡aEx-convicts ‡vFiction. ‡0(LARL_NWRL_CONSORTIUM)164874 | |
| 650 | 0. | ‡aPardon ‡vFiction. ‡0(LARL_NWRL_CONSORTIUM)173934 | |
| 655 | 0. | ‡aCompact discs. | |
| 651 | 0. | ‡aItaly ‡vFiction. ‡0(LARL_NWRL_CONSORTIUM)165282 | |
| 655 | 7. | ‡aSuspense fiction. ‡2gsafd | |
| 655 | 7. | ‡aLegal stories. ‡2gsafd | |
| 655 | 0. | ‡aAudiobooks. ‡0(LARL_NWRL_CONSORTIUM)175801 | |
| 700 | 1 | . | ‡aBoutsikaris, Dennis. ‡4nrt ‡0(LARL_NWRL_CONSORTIUM)140283 |
| 901 | . | ‡a83927 ‡bOCLC ‡c83927 ‡tbiblio | |

Add to basket
Permalink
Disable Highlighting